|
|
|
|
| LEADER |
00744nab a2200193 i 4500 |
| 001 |
tisza4431 |
| 005 |
20200330123815.0 |
| 008 |
170404s1966 hu o 0|| hun d |
| 022 |
|
|
|a 0133-1167
|
| 040 |
|
|
|a SZTE Tiszatáj Archívum
|b hun
|
| 041 |
|
|
|a hun
|
| 100 |
2 |
|
|a D. Fehér Zsuzsa
|
| 245 |
1 |
0 |
|a Vásárhely és a képzőművészet
|h [elektronikus dokumentum] :
|b A Tiszatáj körlevelére küldött hozzászólások folytatása : D. Fehér Zsuzsa, Fodor József /
|c D. Fehér Zsuzsa
|
| 260 |
|
|
|c 1966
|
| 300 |
|
|
|a 1016-1018
|
| 490 |
0 |
|
|a Tiszatáj
|v 20 No. 12
|
| 695 |
|
|
|a Hódmezővásárhely - képzőművészet
|
| 700 |
0 |
1 |
|a Fodor József
|e aut
|
| 856 |
4 |
0 |
|u http://tiszataj.bibl.u-szeged.hu/4431/1/tiszataj_1966_012_1016-1018.pdf
|z Dokumentum-elérés
|